[Event "Wuertemberg-ch Seniors 27th"]
[Site "Freudenstadt"]
[Date "2015.07.06"]
[Round "4"]
[White "Sukatsch, Manfred"]
[Black "Heni, Norbert"]
[Result "0-1"]
[WhiteElo "1945"]
[BlackElo "1793"]
[PlyCount "72"]
[EventDate "2015.07.03"]
[EventType "swiss"]
[EventRounds "9"]
[EventCountry "GER"]
[SourceTitle "EXT 2016"]
[Source "ChessBase"]
[SourceDate "2015.10.08"]
[SourceVersion "1"]
[SourceVersionDate "2015.10.08"]
[SourceQuality "1"]

1. c4 c5 2. Nc3 g6 3. Nf3 Bg7 4. e3 e6 5. d4 cxd4 6. exd4 d5 7. cxd5 exd5 8. Bb5+ Nc6 9. 0-0 Nge7 10. h3 0-0 11. Bf4 h6 12. Qd2 Kh7 13. Rfe1 a6 14. Bf1 Nf5 15. Ne2 Re8 16. g4 Nd6 17. Nc3 Ne4 18. Qd1 f5 19. g5 h5 20. h4 b5 21. a3 Bb7 22. Rc1 Ra7 23. b4 Ba8 24. Ne2 a5 25. Qb3 axb4 26. axb4 Ra4 27. Qd3 Rxb4 28. Rb1 Rxb1 29. Rxb1 b4 30. Qb5 Nc3 31. Nxc3 bxc3 32. Qc5 Qe7 33. Qxc3 Nxd4 34. Qd3 Nxf3+ 35. Qxf3 d4 36. Qg3 Qe4 0-1